Ellos y nosotros / COMIBAM International (Registro nro. 42404)
[ vista simple ]
| 000 -LÍDER | |
|---|---|
| Campo fijo de descripción fija | 010660000a22001330004500 |
| 001 - NÚMERO DE CONTROL | |
| Campo de control | 13426 |
| 041 0# - CÓDIGO DE IDIOMA | |
| Código de idioma para texto/pista de sonido o título separado | |
| 082 04 - NÚMERO DE CLASIFICACIÓN DECIMAL DEWEY | |
| Número de clasificación | AV 0059 |
| 245 10 - TÍTULO | |
| Título del Material | Ellos y nosotros / COMIBAM International |
| 300 ## - DESCRIPCIÓN FÍSICA | |
| Extensión | 50 Pag |
| 500 ## - NOTA GENERAL | |
| Nota General | Folleto |
| 505 00 - NOTA DE CONTENIDO | |
| Nota de contenido con formato preestablecido | - Hijos de quijotes. La realidad particular de los hijos de los misioneros / Guillermo David Teylor - Los hijos y el dilema / Lorena calderón - Influir en los niños / James Dobson - Y de los que se pierden, ¿quién se preocupa? / Federico A. Bertuzzi - Cuidando el alma y el cuerpo en la Amazonia / Mauricio Harvey - Otra herramienta para mantener el reto entre nosotros / Emilio Antonio Núñez - El mandato cultural / Rodolfo Girón - Crónica de una expulsión tan temida - A través de un par de zapatos... ahora envían a un misionero / Carlos Calderón - ¿Porqué se vuelven algunos? / Jonatán P. Lewis - La historia de Gladys Aylward - Una perspectiva diferente, una estrategia inusual / Patricio Paredes - Los últimos días de maná / H. Ladislao Leiva - Las fortalezas a vencer / Nell Anderson |
| 942 ## - TIPO DE MATERIAL (KOHA) | |
| Tipo de Item KOHA | Libros General |
| Estado de Material | Estado de Perdido | Estado de Dañado | No para Préstamo | Colección | Tomo | Biblioteca de Origen | Biblioteca Permanente | Fecha de Adquisición | Total de Préstamos | Signatura Topográfica | Código de Barras | Última vez visto | Ejemplar/Existencia | Fecha de Remplazo | Tipo de Material |
|---|---|---|---|---|---|---|---|---|---|---|---|---|---|---|---|
| Colección Folletos | Biblioteca FUSBC | Biblioteca FUSBC | 02/12/2005 | AV 0059 | 23218 | 12/12/2019 | 1 | 26/01/2016 | Documentos Archivo Vertical |
